Largest cities which are not capitals - Statistics

General Stats
  • This quiz has been taken 81 times
    43 since last reset
  • The average score is 21 of 40
Answer Stats
Country Current captial city Largest City % Correct
Australia Canberra Sydney
100%
Brazil Brasília São Paulo
97%
Turkey Ankara Istanbul
91%
India New Delhi Mumbai
91%
USA Washington D.C. New York City
91%
Liechtenstein Vaduz Schaan
91%
Canada Ottowa Toronto
91%
New Zealand Wellington Auckland
88%
Vietnam Hanoi Ho Chi Minh City
88%
Switzerland Bern Zürich
88%
South Africa Pretoria, Cape Town, Bloemfontein Johannesburg
85%
Pakistan Islamabad Karachi
85%
Nigeria Abuja Lagos
85%
Morocco Rabat Casablanca
82%
China Beijing Shanghai
82%
UAE Abu Dhabi Dubai
79%
Sri Lanka Sri Jayawardenepura Kotte Colombo
76%
Côte d'Ivoire Tamoussoukro Abidjan
67%
Kazakhstan Astana Almaty
67%
Belize Belmopan Belize City
67%
Ecuador Quito Guayaquil
67%
Myanmar Naypyidaw Yangon
64%
Tanzania Dodoma Dar es Salaam
61%
Syria Damascus Aleppo
48%
Benin Porto-Novo Cotonou
45%
Philippines Manila Quezon City
45%
Cameroon Yaoundé Douala
42%
Bolivia Sucre Santa Cruz de la Sierra
42%
Equatorial Guinea Malabo Bata
15%
Palau Ngerulmud Koror
6%
Malta Valletta Birkirkara
3%
The Gambia Banjul Brikama
3%
Eswatini Mbabane, Lobamba Manzini
3%
San Marino San Marino Serravalle
3%
F.S. of Micronesia Palikir Weno
3%
Nauru Yaren Aiwo
0%
Kuwait Kuwait City Al Aḩmadī
0%
Guinea Conakry Camayenne
0%
Malaysia Kuala Lumpur Kota Bharu
0%
Trinidad and Tobago Port of Spain Laventille
0%
No matching quizzes found
Score Distribution
Percent of People with Each Score
Percentile by Number Answered
Your Score History
You have not taken this quiz since the last reset